000 00672pam a2200181 a 4500
020 _a030904460X (pbk.)
082 0 0 _a380.5 s
_a625.84
_bNAT
245 0 0 _aConcrete and concrete construction.
260 _aWashington, D.C. :
_bTransportation Research Board, National Research Council,
_c1987.
300 _a137 p. :
_bill. ;
_c28 cm.
500 _aReports prepared for the 66th Annual Meeting of the Transportation Research Board.
526 _a0
_b0
_c0
_d380_500000000000000_S_NAT
650 0 _aConcrete
_xCongresses.
650 0 _aMCE
_9379
650 0 _aPavements, Concrete
_xCongresses.
_943827
710 2 _aNational Research Council (U.S.).
_920017
942 _2ddc
_cBK
999 _c547680
_d547680